Škola je miestom stretnutia rôznych detí

Podrobná bibliografia
Hlavní autori: Hipš, Juraj (Autor, Tazateľ), Feřtek, Tomáš, 1962- (Autor)
Médium: Článok
Jazyk:slovenčina
Fyzický popis:Fotogr.
ISSN:1338-0338
Predmet:
On-line prístup:www.dobraskola.com

MARC

LEADER 00000nab a2200000 ar4500
001 vtls011595417
003 SK-MaSNL
005 20260304040809.0
008 161125c2016 xo qr|p||| |000 b|slo
015 |a SNBRB2016/11 
038 |a SPK 
040 |a SPKCL  |b slo  |c AACR2  |e AACR2 
041 0 |a slo 
044 |a xo  |c SK 
072 7 |a 37  |x Výchova a vzdelávanie  |2 konspekt 
072 7 |a 303  |x Metódy spoločenských vied  |2 konspekt 
080 |a 37.091  |x (437.3)  |2 2011 
080 |a 37:303.442  |2 2011 
080 |a 303.442  |2 2011 
100 1 |a Hipš, Juraj  |4 ivr  |4 aut  |9 445475 
245 1 0 |a Škola je miestom stretnutia rôznych detí  |c Juraj Hipš, Tomáš Feřtek 
300 |b Fotogr. 
650 0 7 |a školstvo  |2 snkbucl  |9 19712 
650 0 7 |a kvalita vzdelávania  |2 snkbucl  |9 71558 
650 0 7 |a alternatívne vyučovanie  |2 snkbucl  |9 71504 
650 0 7 |a financovanie školského systému  |2 snkbucl  |9 50061 
651 7 |a Česko  |2 snkbucl  |9 16753 
655 7 |a rozhovory  |2 snkbucl  |9 31831 
700 1 |a Feřtek, Tomáš,  |d 1962-  |4 ive  |4 aut  |9 161391 
773 0 |t Dobrá škola  |g Roč. VIII, č. 3 (2016), s. 8-10  |x 1338-0338 
852 |a SPK  |b KIS3GCP 
856 4 1 |u www.dobraskola.com 
999 |c 2665069  |d 2666999